000 00940nam0a2200289 i 4500
001 RU\NLR\BIBL_A\010552614
005 20240725014100.0
010 _a9785425307552
_9100
021 _aRU
_b2014-73723
_94518
035 _a(NILC)RuMoRGB-007562937
035 _a(NLR Aleph) 010552614
090 _a10344079
_c10344079
100 _a20141202d2014 u y0rusy50 ca
101 0 _arus
102 _aRU
105 _aa|||z|||000ay
200 1 _aМой бог - космос
_e[сборник]
_fНаталья Долинская
210 _aМосква
_cИздательство
_d2014
215 _a79 с.
_cил.
_d22
327 1 _aСодерж.: Мой бог - Космос; Из мира в мир; Свобода
686 2 _aШ6(2=Р)8-445
700 1 _aДолинская
_bН. С.
_gНаталья С
942 _cBOOK
980 _aNBR